<?xml version="1.0" encoding="UTF-8"?>
<collection xmlns="http://www.loc.gov/MARC21/slim">
  <record>
    <leader>00000nam  2200000   4500</leader>
    <controlfield tag="001">INLIS000000000002449</controlfield>
    <controlfield tag="005">20180724145350</controlfield>
    <controlfield tag="008">180724|||||||||   |   |||   |||| ||   | </controlfield>
    <datafield tag="035" ind1=" " ind2=" ">
      <subfield code="0">010-0718002449</subfield>
    </datafield>
    <datafield tag="041" ind1=" " ind2=" ">
      <subfield code="a">id</subfield>
    </datafield>
    <datafield tag="082" ind1=" " ind2=" ">
      <subfield code="a">R. 016</subfield>
    </datafield>
    <datafield tag="090" ind1=" " ind2=" ">
      <subfield code="a">R. 016 PIM I 2017</subfield>
    </datafield>
    <datafield tag="100" ind1=" " ind2=" ">
      <subfield code="a">Jaelani, Akhmad</subfield>
    </datafield>
    <datafield tag="245" ind1=" " ind2=" ">
      <subfield code="a">Kebijakan Current Current Audit Berbasis Online i Badan Pusat Statistik</subfield>
    </datafield>
    <datafield tag="260" ind1=" " ind2=" ">
      <subfield code="a">Jakarta</subfield>
      <subfield code="b">LAN Jakarta</subfield>
      <subfield code="c">2017</subfield>
    </datafield>
    <datafield tag="300" ind1=" " ind2=" ">
      <subfield code="a">x; 22 hlm.; Lamp.; 30 m</subfield>
    </datafield>
    <datafield tag="500" ind1=" " ind2=" ">
      <subfield code="a">Kebijakan Current Audit berbasis Online merupakan alternatif solusi peningkatan peran Inspektorat Utama dalam mengawal pelaksanaan pengadaan barang dan jasa melalui pembangunan sistem deteksi dini yang didukung oleh regulasi dan tatalaksana serta sistem informasi yang memadai. Manfaat current Audit berbasis Online antara lain: [1] memberikan peringatan dini (early warning sistem) dalam pengelolaan barang dan jasa yang dilakukan oleh Satker, (2) meningkatkan ketaatan dan kualitas tatakelola pengadaan barang dan jasa, [3] meningkatkan efisiensi dan efektivitas pelaksanaan anggaran, [4] terpantaunya progress dan efisiensi pengadaan barang dan jasa secara realtime, [5] Meningkatkan efisiensi dan efektivitas anggaran.&#13;
Dalam jangka pendek, output yang dihasilkan adalah : {1] Peraturan Kepala BPS tentang Pengawasan Intern di lingkungan BPS, [2] Sistem Aplikasi  Current Audit berbasis online, [3] Pedoman reviu pengadaaan barang dan jasa, [4] Panduan teknis penggunaan sistem Current Audit berbasis online, [5] laporan implementasi Current Audit pengadaaan barang dan jasa.</subfield>
    </datafield>
    <datafield tag="650" ind1=" " ind2=" ">
      <subfield code="a">Current Audit</subfield>
    </datafield>
  </record>
</collection>
